Dominica : Selected Issues.

This Selected Issues paper discusses the optimal management of Citizenship-by-Investment (CBI) program revenues in Dominica. Dominica's CBI inflows have reached near 10 percent of GDP, increasing the country's reliance on these revenues. It is argued that given their volatile and unpredict...

Ամբողջական նկարագրություն

Մատենագիտական մանրամասներ
Համատեղ հեղինակ: International Monetary Fund. Western Hemisphere Dept
Ձևաչափ: Ամսագիր
Լեզու:English
Հրապարակվել է: Washington, D.C. : International Monetary Fund, 2017.
Շարք:IMF Staff Country Reports; Country Report ; No. 2017/392
Առցանց հասանելիություն:Full text available on IMF
LEADER 01824cas a2200241 a 4500
001 AALejournalIMF018148
008 230101c9999 xx r poo 0 0eng d
020 |c 5.00 USD 
020 |z 9781484334287 
022 |a 1934-7685 
040 |a BD-DhAAL  |c BD-DhAAL 
110 2 |a International Monetary Fund.  |b Western Hemisphere Dept. 
245 1 0 |a Dominica :   |b Selected Issues. 
264 1 |a Washington, D.C. :  |b International Monetary Fund,  |c 2017. 
300 |a 1 online resource (42 pages) 
490 1 |a IMF Staff Country Reports 
500 |a <strong>Off-Campus Access:</strong> No User ID or Password Required 
500 |a <strong>On-Campus Access:</strong> No User ID or Password Required 
506 |a Electronic access restricted to authorized BRAC University faculty, staff and students 
520 3 |a This Selected Issues paper discusses the optimal management of Citizenship-by-Investment (CBI) program revenues in Dominica. Dominica's CBI inflows have reached near 10 percent of GDP, increasing the country's reliance on these revenues. It is argued that given their volatile and unpredictable nature, CBI revenues should be used prudently. Their use should be mindful of the chances of a sudden stop in these flows. It is therefore essential to prioritize investment, debt reduction, and saving in lieu of current expenditure, which is typically more difficult to reverse. Simulation analysis based on fiscal multipliers indicate that such combination of policies would boost GDP and help reach the regional debt target of 60 percent of GDP by 2030 as committed by the government. 
538 |a Mode of access: Internet 
830 0 |a IMF Staff Country Reports; Country Report ;  |v No. 2017/392 
856 4 0 |z Full text available on IMF  |u http://elibrary.imf.org/view/journals/002/2017/392/002.2017.issue-392-en.xml  |z IMF e-Library